Представление документа в формате MARC21

Поле Инд. ПП Название Значение
Тип записи a
Библиографический уровень m
001 _ Контрольный номер RU\infra-m\znanium\bibl\1214496
005 _ Дата корректировки 20250915104123.9
008 Кодируемые данные 201022s2020 RU g rus u
020 a ISBN 978-5-98704-655-5
040 a Служба первич. каталог. Общество с ограниченной ответственностью «ЗНАНИУМ»
041 a Код языка текста rus
044 a Код страны публикации RU
080 a Индекс УДК 330
084 2 Источник индекса rubbk
a Индекс другой классификации/Индекс ББК 650
084 2 Источник индекса okso
a Индекс другой классификации/Индекс ББК 00.03.13
084 2 Источник индекса okso
a Индекс другой классификации/Индекс ББК 00.05.13
100 1_ a Автор Гребнев Леонид Сергеевич
q Полное имя Леонид Сергеевич
245 a Заглавие Экономика для бакалавров
b Продолж. заглавия Учебник
c Ответственность Московский государственный юридический университет им. О.Е. Кутафина
260 a Место издания Москва
b Издательство Издательская группа "Логос"
c Дата издания 2020
300 a Объем 240 с.
520 a Аннотация Изложен курс экономики описывающий основные понятия экономической науки и практики включая понятия «блага» «затраты и результаты» «эффективность». Раскрыты характерные черты современной экономики и тенденции ее развития. Освещены особенности хозяйственных решений принимаемых на уровне семьи фирмы и страны. Представлены ключевые аспекты международной экономики. Содержатся вопросы и задания к каждой теме предметный и именной указатели.
521 a Примеч. о целев. назн. ВО - Бакалавриат
650 a Основная рубрика Экономика. Бухгалтерский учет. Финансы
x Основная подрубрика Общая экономическая теория
852 x Примечание, не предназначенное для пользователя znanium2023
856 4_ a Имя сервера/домена znanium.com
m Помощь ebs_support@infra-m.ru
n Местонахождение сервера НИЦ ИНФРА-М
u URL https://znanium.com/catalog/document?id=367689
z Примечание для пользователя Участвует в КО
856 41 a Имя сервера/домена znanium.com
d Путь /cover/1214
f Электронное имя 1214496.jpg
q Тип электронного формата image/jpeg
u URL https://znanium.com/cover/1214/1214496.jpg